00739nam a2200241 a 4500001001300000003000900013005001700022008004100039020002300080082001600103100001900119245006200138260004300200300001000243500003500253505001500288650002600303700001900329902000800348942000700356952011700363999001700480nice12345678IN_TiNIC20260116014059.0140525s2007 oxfa grp 000 0 eng  a1851683577 c29500a956.94bMOU aMourad, Kenize aOur Sacre Landb Voices of the Palestine-Israeli Conflict aOxford bOne World Publications c2007 a247p  aincludes index and biblioraphy2 achronology aIsrael-Arab Conflicts1 aMourad, Kenize bSRS cBK 001040708StackRoom-aHMIbHMId2014-05-25g295.00l0o956.94 MOUp024560r2014-05-25v295.00w2014-05-25yBK c13785d13785